| 000 | 00625nam a22001577a 4500 | ||
|---|---|---|---|
| 005 | 2012022709429.0 | ||
| 020 |
_a8170002214 _c250.00 |
||
| 035 | _aA-904924 | ||
| 037 |
_aDPL _bENG |
||
| 245 | _aSustainable university library development / | ||
| 260 |
_aNew Delhi _bEss Ess Publications |
||
| 300 |
_ax, 145p. _c20 cms. |
||
| 942 |
_2ddc _cEN _h027.7 _mNAI |
||
| 999 |
_c63504 _d63504 |
||